NEW MON (Record no. 3240)
[ view plain ]
| 000 -LEADER | |
|---|---|
| fixed length control field | 00610nam a22001457a 4500 |
| 020 ## - INTERNATIONAL STANDARD BOOK NUMBER | |
| ISBN | 978-1-905654-60-4 |
| 082 ## - DEWEY DECIMAL CLASSIFICATION NUMBER | |
| Classification number | 823 |
| Item number | MEY/N |
| 100 ## - MAIN ENTRY--AUTHOR NAME | |
| Personal name | MEYER,STEPHENIE |
| 245 ## - TITLE STATEMENT | |
| Title | NEW MON |
| 260 ## - PUBLICATION, DISTRIBUTION, ETC. (IMPRINT) | |
| Place of publication | LONDON |
| Name of publisher | ATOM BOOKS |
| 300 ## - PHYSICAL DESCRIPTION | |
| Number of Pages | 497 |
| 520 ## - SUMMARY, ETC. | |
| Summary, etc | When Edward leaves Bella after his brother attacks her, she is left heartbroken and depressed for months until Jacob Black becomes her best friend. However, her life twists once more when Jacob's nature reveals itself and Edward's sister decides to visit. According to Meyer, the book is about losing true love. |
| 650 ## - SUBJECT ADDED ENTRY--TOPICAL TERM | |
| Topical Term | ENGLISH NOVEL |
| Geographic subdivision | LONDON |
| 942 ## - ADDED ENTRY ELEMENTS (KOHA) | |
| Koha item type | Books |
| Withdrawn status | Lost status | Collection code | Home library | Current library | Shelving location | Date acquired | Source of acquisition | Full call number | Accession Number | Koha item type |
|---|---|---|---|---|---|---|---|---|---|---|
| Fiction | Main Library | Main Library | SHELF-2-I ENGLIAH NOVEL TEACHERS | 17/06/2010 | PURCHASE | 823 MEY/N | 04920 | Books |